Responses for show #5262 - Tuesday, June 26, 2007

Cathy Lanctot game 1.

Contestants

Cathy Lanctot, a law professor from Wilmington, Delaware

Brian Lamb, a teacher from Bakersfield, California

Matt Corcoran, an administrative assistant from Philadelphia, Pennsylvania (whose 2-day cash winnings total $33,950)

Jeopardy! Round responses

NEW HAMPSHIRE
STATES OF MIND
GOT MILNE?
COMPLETES THE OLD PROVERB
GM
"M.G."
    $200 11
the Granite State

Cathy
    $200 22
psychosis

Matt
    $200 10
Christopher Robin

Brian
    $200 4
another man's poison

Cathy
    $200 9
zero

Cathy
    $200 1
Mel Gibson

Matt
    $400 12
Massachusetts

Brian
    $400 23
(Matt: What is a trance?)
[Originally ruled incorrect; reversed before Daily Double at clue 28.]

hypnosis

MattCathy
    $400 18
Kanga

Matt
    $400 5
healthy, wealthy and wise

Cathy
    $400 27
the Secretary of Defense

Cathy
    $400 2
Melanie Griffith

Matt
    $600 13
the lottery

Cathy
    $600 24
manic

Cathy
    $600 19
Young

Matt
    $600 6
with the bathwater

Cathy
    $2,000 28
(Cathy: Who is...)
(Alex: Anything?)
(Cathy: Cadillac?)

Louis Chevrolet

Cathy
    $600 3
Matt Groening

Cathy
    $800 14
the Old Man in the Mountain

Brian
    $800 25
delirium

Cathy
    $800 20
Punch

Cathy
    $800 7
you're part of the problem

Matt
    $800 29
OnStar

Brian
    $800 16
Marcus Garvey

Cathy
    $1000 15
(Franklin) Pierce

Brian
    $1000 26
om

Triple Stumper
    $1000 21
Trinity

Cathy
    $1000 8
a woman scorned

Brian
    $1000 30
Cadillac

Matt
    $1000 17
Milton Glaser

Triple Stumper

Scores at the first commercial break (after clue 15):

Matt Brian Cathy
$1,400 $3,400 $2,800

Scores at the end of the Jeopardy! Round:

Matt Brian Cathy
$4,000 $4,200 $5,600

Double Jeopardy! Round responses

ALL THINGS CHINESE
ROCKERS BANNED IN THE USSR
ART HERSTORY
PEOPLE WITH MUPPET NAMES
PHILOSOPHIC BEFORE & AFTER
GO SEE "CAL"
    $400 26
the Communist Party

Brian
    $400 9
Tina Turner

Brian
    $400 3
Michelangelo

Brian
    $400 1
Scooter

Matt
    $400 21
Fat Albert Camus

Cathy
    $400 16
calcium

Brian
    $800 27
(Cathy: What is Tsinghao?)

Tsingtao

BrianCathy
    $800 10
Pink Floyd

Matt
    $800 5
Thomas Jefferson

Cathy
    $800 2
Oscar (Hammerstein)

Cathy
    $800 22
Elton John Locke

Cathy
    $800 17
calamine lotion

Brian
    $1200 28
Song

Cathy
    $1200 11
The Village People

Brian
    $1200 6
the Legion of Honor

Cathy
    $1200 4
Ernie Banks

Cathy
    $1200 23
Clarence Thomas Hobbes

Brian
    $1200 18
a calamity

Matt
    $1600 29
IBM

Triple Stumper
    $1600 12
Black Sabbath

Cathy
    $2,000 7
Madame Tussaud

Cathy
    $1600 14
(Alex: [*] is right, President of the United States--POTUS, yes.)

(Grover) Cleveland

Brian
    $1600 24
the Jolly Roger Bacon

Triple Stumper
    $1600 19
(Cathy: What is Calcutta?)
(Alex: ...Calcutta or [*], yes.)
[ERRATUM: "Calcutta" is not an alternate name for calico cloth, and calico derives from the Indian city of Kozhikode, also known as Calicut, not from Calcutta, which is now called Kolkata.]

calico

Cathy
    $2000 30
Peking Man

Cathy
    $2000 13
Talking Heads

Matt
    $2000 8
(Jacques-Louis) David

Cathy
    $7,600 15
(Alex: [*]'s Fire, correct.)

St. Elmo

Brian
    $2000 25
Tabitha Soren Kierkegaard

Matt
    $2000 20
Caledonia

Cathy

Scores at the end of the Double Jeopardy! Round:

Matt Brian Cathy
$10,400 $19,000 $22,400

[wagering suggestions for these scores]

Final Jeopardy! Round responses

FILMS OF THE '60s
MattWhat is The Endless Summer?
$0
BrianWhat is Blue Hawaii?
$19,000
CathyWhat is Beach Blanket Bingo? BlueHawaii
$15,601
Blue Hawaii

Final scores:

Matt Brian Cathy
$10,400 $38,000 $38,001
3rd place: $1,000 2nd place: $2,000 New champion: $38,001

Game dynamics:

Coryat scores:

Matt Brian Cathy
$10,400 $13,400 $24,000
13 R,
0 W
16 R
(including 1 DD),
0 W
27 R
(including 1 DD),
2 W
(including 1 DD)

Combined Coryat: $47,800

The J! Archive is created by fans, for fans. The Jeopardy! game show and all elements thereof, including but not limited to copyright and trademark thereto, are the property of Jeopardy Productions, Inc. and are protected under law. This website is not affiliated with, sponsored by, or operated by Jeopardy Productions, Inc. Join the discussion at JBoard.tv.